Hedging in action /

Bibliographic Details
Main Author: Baratta, Alex (Author)
Format: eBook
Language:English
Published: Los Angeles, CA : SAGE Publications, Inc., 2022.
Series:Student success.
Subjects:
Online Access:Connect to the full text of this electronic book

MARC

Tag First Indicator Second Indicator Subfields
LEADER 00000cam a2200000Mi 4500
001 in00005491021
006 m o d
007 cr un|||||||||
008 220324s2022 caua fobs 000 0 eng d
005 20240923165619.7
035 |a (OCoLC)on1309038625 
040 |a SGPBL  |b eng  |e rda  |e pn  |c SGPBL  |d OCLCO  |d OCLCF  |d OCLCO 
020 |a 9781071885772  |q (online resource) 
020 |a 1071885774 
035 |a (OCoLC)1309038625 
050 4 |a P302  |b .B37 2022 
082 0 4 |a 401.41 
049 |a TXAM 
100 1 |a Baratta, Alex,  |e author. 
245 1 0 |a Hedging in action /  |c Alex Baratta. 
264 1 |a Los Angeles, CA :  |b SAGE Publications, Inc.,  |c 2022. 
300 |a 1 online resource :  |b illustrations. 
336 |a text  |b txt  |2 rdacontent 
337 |a computer  |b c  |2 rdamedia 
338 |a online resource  |b cr  |2 rdacarrier 
490 1 |a SAGE skills: student success 
504 |a Includes bibliographical references. 
588 |a Description based on XML content. 
650 0 |a Hedge (Linguistics) 
650 6 |a Enclosure (Linguistique) 
650 7 |a Hedge (Linguistics)  |2 fast 
830 0 |a Student success. 
856 4 0 |u http://proxy.library.tamu.edu/login?url=https://sk.sagepub.com/skills/student-success/aw/using-careful-language-make-claims/03  |z Connect to the full text of this electronic book  |t 0 
955 |a SAGE eBooks 
955 |a SAGE Skills Student Success Essentials Collection 
955 |a SAGE Skills Student Success Essentials Collection 2024 
994 |a 92  |b TXA 
999 f f |s d1e97cd9-a405-49ca-9f77-0dbb2c3c9439  |i 0c6e747f-ec15-412b-8c5c-5205b11f6155  |t 0 
952 f f |a Texas A&M University  |b College Station  |c Electronic Resources  |d Available Online  |t 0  |e P302 .B37 2022  |h Library of Congress classification 
998 f f |a P302 .B37 2022  |t 0  |l Available Online